| 000 | 00452nam a2200169 a 4500 | ||
|---|---|---|---|
| 001 | 21211 | ||
| 005 | 20180713214919.0 | ||
| 008 | 140415s1965 sp 000 0 spa d | ||
| 041 | _aspa | ||
| 082 |
_a863 _bCER |
||
| 100 | 1 | _aCERVANTES SAAVEDRA, MIGUEL DE | |
| 245 | 1 | 3 | _aEL INGENIOSO HIDALGO DON QUIJOTE DE LA MANCHA |
| 250 | _a22a ed. | ||
| 260 |
_aESPAÑA : _bESPASA-CALPE, _c1965 |
||
| 300 | _a680 | ||
| 650 | 1 | 4 |
_aNOVELA _xESPAOLA |
| 999 |
_c21211 _d21211 |
||